Effektivnost' territorial'no-proizvodstvennych kompleksov metodologija i metodika formirovanija

Salvato in:
Dettagli Bibliografici
Altri autori: Jevatignejev, V.P
Natura: Libro
Lingua:russo
Pubblicazione: Moskva Nauka 1984
Tags: Aggiungi Tag
Nessun Tag, puoi essere il primo ad aggiungerne!!

MARC

LEADER 00000nam a2200000 4500
001 c107674
005 20150325105442.4
041 0 |a rus 
044 |a RU 
245 1 0 |a Effektivnost' territorial'no-proizvodstvennych kompleksov  |b metodologija i metodika formirovanija  |c Otv. red. V.P. Jevatignejev 
264 1 |a Moskva  |b Nauka  |c 1984 
300 |a 141 s. 
700 1 |a Jevatignejev, V.P.